00887nam a2200205 i 4500001000700000003000900007005001700016008004100033080001700074100004600091245010100137260013700238300002100375502004300396650003200439710003600471852002700507999001900534952012800553180524ES-MaACL20250815112605.0120612s1973 sp |||| | spa d a577.1(043.2)1 aEscarmis Homs, Cristina (d1943-)915047410aBiosíntesis úrica en presencia de colchicina y de alopurinol / cpor Cristina Escarmis Homs. aBarcelona : bUniversidad de Barcelona, Secretariado de Publicaciones, Intercambio Científico y Extensión Universitaria, c1973. a16 p. ; c24 cm. aTesis-Universidad Barcelona (Extracto)07aBioquímica2embne91367962 aUniversidad de Barcelona.97141 aES-MaACLjE-15362(107) c180524d180524 00104070aATENEOMbATENEOMcDEPO2d2012-06-12eDONl0oE-15362(107)p1189691r2023-02-23 00:00:00w2023-02-23yMONOGRAFIA